[Event "ZI-2009-0-00361"]
[Site "LSS email"]
[Date "2009.02.26"]
[Round "?"]
[White "Theofel, Heiner"]
[Black "Xu, Muen"]
[Result "1-0"]
[WhiteElo "1302"]
[BlackElo "1049"]
[PlyCount "53"]
[EventDate "2009.02.25"]
[EventType "match (corr)"]
[EventRounds "2"]
[EventCountry "GER"]
[SourceTitle "Telechess CBM 147"]
[Source "ChessBase"]
[SourceDate "2012.03.16"]
[SourceVersion "1"]
[SourceVersionDate "2012.03.16"]
[SourceQuality "1"]

1. d4 d5 2. c4 c6 3. Nc3 Nf6 4. Nf3 g6 5. Bf4 Bg7 6. e3 0-0 7. c5 Nbd7 8. h3 e6 9. Bd3 Re8 10. 0-0 b6 11. b4 a5 12. a3 axb4 13. axb4 Rxa1 14. Qxa1 bxc5 15. bxc5 Bb7 16. Rb1 Qa8 17. Qb2 Bc8 18. Ra1 Qb7 19. Qxb7 Bxb7 20. Ra7 Ba8 21. Ne5 Nxe5 22. Bxe5 Rc8 23. Na4 Ne8 24. Nb6 Rd8 25. Bxg7 Kxg7 26. Rxa8 Rxa8 27. Nxa8 1-0